The secret garden / (Record no. 14071)
[ view plain ]
| 000 -LEADER | |
|---|---|
| fixed length control field | 00977cam a2200253 a 4500 |
| 020 ## - ISBN | |
| ISBN | 053116960X |
| 020 ## - ISBN | |
| ISBN | 9780439097376 |
| 082 ## - DEWEY DECIMAL CLASSIFICATION NUMBER | |
| Classification number | Fic B9342 1999 |
| 100 1# - MAIN ENTRY--PERSONAL NAME | |
| Personal name | Burnett, Frances Hodgson, |
| Dates associated with a name | 1849-1924. |
| 245 14 - TITLE STATEMENT | |
| Title | The secret garden / |
| Statement of responsibility, etc. | by Frances Hodgson Burnett ; with an introduction by Ann M. Martin. |
| 260 ## - PUBLICATION, DISTRIBUTION, ETC. (IMPRINT) | |
| Place of publication, distribution, etc. | New York : |
| Name of publisher, distributor, etc. | Scholastic Inc., |
| Date of publication, distribution, etc. | c1999. |
| 300 ## - PHYSICAL DESCRIPTION | |
| Extent/Page number | 298 p. |
| 490 0# - SERIES STATEMENT | |
| Series statement | Scholastic classics |
| 520 ## - SUMMARY, ETC. | |
| Summary, etc. | The story of a ten-year-old orphan who goes to live in a lonely house on the Yorkshire moors, where she discovers an invalid cousin and the mysteries of a locked garden. |
| 526 ## - STUDY PROGRAM INFORMATION NOTE | |
| PROGRAM TYPE | FICTION |
| 650 #1 - SUBJECT ADDED ENTRY--TOPICAL TERM | |
| Topical term or geographic name as entry element | Orphans--Fiction. |
| 650 #1 - SUBJECT ADDED ENTRY--TOPICAL TERM | |
| Topical term or geographic name as entry element | Gardens--Fiction. |
| 650 #1 - SUBJECT ADDED ENTRY--TOPICAL TERM | |
| Topical term or geographic name as entry element | Friendship--Fiction. |
| 650 #1 - SUBJECT ADDED ENTRY--TOPICAL TERM | |
| Topical term or geographic name as entry element | People with disabilities--Fiction. |
| 650 #1 - SUBJECT ADDED ENTRY--TOPICAL TERM | |
| Topical term or geographic name as entry element | Great Britain--History--Edward VII, 1901-1910--Fiction. |
| 650 #1 - SUBJECT ADDED ENTRY--TOPICAL TERM | |
| Topical term or geographic name as entry element | Yorkshire (England)--History--20th century--Fiction. |
| 700 ## - ADDED ENTRY--PERSONAL NAME/OTHER AUTHORS | |
| Personal name | Martin, Ann M. |
| 942 ## - ADDED ENTRY ELEMENTS | |
| Classification | |
| Item type | Book |
| Withdrawn status | Lost status | Source of classification or shelving scheme | Damaged status | Not for loan | Collection code | Permanent Location | Current Location | Shelving location | Date acquired | Source of acquisition | Inventory number | Full call number | Barcode | Date last seen | Copy number | Price effective from | Item type |
|---|---|---|---|---|---|---|---|---|---|---|---|---|---|---|---|---|---|
| Fiction | High School Library | High School Library | DEAR | 2025-12-09 | Scholastic | 8510 | Fic B9342 1999 c.1 | HS8510 | 2026-02-20 | 1 | 2025-12-09 | Book | |||||
| Fiction | High School Library | High School Library | DEAR | 2025-12-09 | Scholastic | 8511 | Fic B9342 1999 c.2 | HS8511 | 2026-02-20 | 2 | 2025-12-09 | Book | |||||
| Fiction | High School Library | High School Library | DEAR | 2025-12-09 | Scholastic | 8512 | Fic B9342 1999 c.3 | HS8512 | 2026-02-20 | 3 | 2025-12-09 | Book |